[Event "It"]
[Site "masterchessopen.com – Monaco"]
[Round "0"]
[White "Gheorghiu Florin (ROM)"]
[Black "Portisch Lajos (HUN)"]
[Result "0-1"]
[WhiteElo "2383"]
[BlackElo "2523"]

1.e4 e5 2.Nf3 Nc6 3.Bb5 a6 4.Ba4 Nf6 5.O-O Be7 6.Re1 b5 7.Bb3 d6 8.c3 O-O 9.h3
Nb8 10.d3 Nbd7 11.Nbd2 Bb7 12.Nf1 Nc5 13.Bc2 Re8 14.Ng3 Bf8 15.Nh2 g6 16.f4
exf4 17.Bxf4 Ne6 18.Bd2 Bg7 19.d4 c5 20.d5 Nf8 21.Bf4 Qe7 22.Rf1 h5 23.Nf3
N6h7 24.Qd2 Nd7 25.Rf2 Rf8 26.Raf1 Rae8 27.Bh6 h4 28.Nh1 Ne5 29.Bxg7 Nxf3+
30.gxf3 Kxg7 31.Rg2 Nf6 32.Kh2 Rh8 33.Rg5 Rh5 34.Rfg1 Rxg5 35.Qxg5 Qe5+
36.Qxe5 Rxe5 37.Nf2 Re8 38.Ng4 Nh5 39.Ne3 Ng3 40.Ng2 g5 41.Ne3 Kf6 42.Ng4+ Kg7
43.Ne3 Bc8 44.Nf1 Nxf1+ 45.Rxf1 f5 46.Rg1 Kf6 47.a4 Bd7 48.axb5 Bxb5 49.b3 Be2
50.Kg2 c4 51.b4 Bd3 52.Bxd3 cxd3 53.Rd1 fxe4 54.fxe4 Rxe4 55.Rxd3 Ke5 56.Kf3
Rf4+ 57.Kg2 g4 58.hxg4 Rxg4+ 59.Kh3 Rc4 60.Rd1 Rxc3+ 61.Kxh4 Rc4+ 62.Kg3 Rxb4
63.Ra1 Rb6 64.Ra5 Kd4 65.Kf4 Kc4 66.Kf5 Kb4 67.Ra1 a5 68.Rb1+ Kc5 69.Ra1 Ra6
70.Ke6 a4 71.Rc1+ Kb4 72.Rb1+ Kc3 73.Rc1+ Kb4 74.Rb1+ Ka5 75.Ra1 Rb6 76.Ra2
Kb5 77.Ra1 Kb4 {#R} 0-1

[Event "Ch Yugoslavia"]
[Site "masterchessopen.com – Novi Travnik (Yugoslavia)"]
[Round "21"]
[White "Ostojic Predrag (YUG)"]
[Black "Stupica Janez (SLO)"]
[Result "1-0"]
[WhiteElo "2325"]
[BlackElo "2262"]

1.e4 e5 2.Nf3 Nc6 3.Bb5 a6 4.Ba4 Nf6 5.O-O Be7 6.Re1 b5 7.Bb3 d6 8.c3 O-O 9.h3
Nb8 10.d3 c5 11.Nbd2 Qc7 12.Nf1 c4 13.dxc4 bxc4 14.Bc2 Nbd7 15.Bg5 Rb8 16.Rb1
h6 17.Bh4 Nc5 18.Bxf6 Bxf6 19.Ne3 Be6 20.Nd5 Bxd5 21.Qxd5 Ne6 22.h4 Nf4 23.Qd2
Qd7 24.Qd1 Qg4 25.g3 Ng6 26.Nd2 Qe6 27.Qe2 Rfc8 28.b3 cxb3 29.Bxb3 Qh3 30.h5
Nf8 31.Qxa6 Qxh5 32.Nc4 Be7 33.Nxd6 Bxd6 34.Qxd6 Rb7 35.Rbd1 Nh7 36.Qa6 Rbc7
37.Qe2 Qg6 38.Rd3 Rxc3 39.Rxc3 Rxc3 40.Qd2 Rf3 41.Qd8+ Nf8 42.Kg2 Rf6 43.Qe8
Qg4 44.Bd1 Qg5 45.Re3 Re6 46.Qc8 Qe7 47.Rd3 g6 48.Bb3 Rf6 49.Qd8 Qxd8 50.Rxd8
Kg7 51.Ra8 Nd7 52.a4 Nc5 53.Bc2 Rc6 54.a5 Kf6 55.Bb1 Ke7 56.Ra7+ Nd7 57.Ba2
Rc5 58.Bb3 Kd6 59.Bxf7 g5 60.Be8 Nf6 61.Bg6 Rc4 62.Ra6+ Ke7 63.Ra8 Nxe4
64.Bxe4 Rxe4 65.a6 Ra4 66.a7 {#r} 1-0

[Event "It"]
[Site "masterchessopen.com – Sarajevo (Bosnia & Herzegovina)"]
[Round "9"]
[White "Parma Bruno (SLO)"]
[Black "Kovacs Lajos D (HUN)"]
[Result "1-0"]
[WhiteElo "2480"]
[BlackElo "2170"]

1.e4 e5 2.Nf3 Nc6 3.Bb5 a6 4.Ba4 Nf6 5.O-O Be7 6.Re1 b5 7.Bb3 O-O 8.h3 d6 9.c3
Nb8 10.d3 Nbd7 11.Nbd2 c6 12.Nf1 Nc5 13.Bc2 Re8 14.d4 Ncd7 15.Ng3 g6 16.Bh6
Bf8 17.Qd2 Bxh6 18.Qxh6 Qe7 19.b4 Nb6 20.a4 Bb7 21.Bb3 bxa4 22.Ba2 Bc8 23.c4
Nbd7 24.c5 a5 25.Ng5 Rf8 26.Re3 exd4 27.Nh5 gxh5 28.Rg3 Qe5 29.Nxf7+ Ng4
30.hxg4 h4 31.Rf3 d3 32.Rb1 Ba6 33.Rf5 {#r} 1-0

[Event "It"]
[Site "masterchessopen.com – Venice (Italy)"]
[Round "0"]
[White "Matulovic Milan (SRB)"]
[Black "Unzicker Wolfgang (GER)"]
[Result "1-0"]
[WhiteElo "2394"]
[BlackElo "2433"]

1.e4 e5 2.Nf3 Nc6 3.Bb5 a6 4.Ba4 Nf6 5.O-O Be7 6.Re1 b5 7.Bb3 O-O 8.c3 d6 9.h3
Nb8 10.d3 Nbd7 11.Nbd2 Bb7 12.Nf1 Nc5 13.Bc2 Re8 14.Ng3 Bf8 15.Nh2 d5 16.Qf3
Ne6 17.Nf5 Kh8 18.exd5 Bxd5 19.Qg3 Nd7 20.Ng4 f6 21.f4 g6 22.Nfh6 Nxf4 23.Bxf4
exf4 24.Qxf4 Bd6 25.Qf2 Kg7 26.d4 Rf8 27.Ne3 Bf7 28.Nxf7 Rxf7 29.Bb3 Re7
30.Nd5 Rxe1+ 31.Rxe1 Nf8 32.Qf3 c6 33.Ne3 Rc8 34.Ng4 h5 35.Nf2 Nh7 36.Ne4 Be7
37.Bc2 Rc7 38.Ng3 Nf8 39.Re4 c5 40.Nxh5+ gxh5 41.Qxh5 f5 42.Qxf5 Bd6 43.Qh5
Kg8 44.Rg4+ Rg7 45.dxc5 {#r} 1-0

[Event "It"]
[Site "masterchessopen.com – Zagreb (Croatia)"]
[Round "0"]
[White "Kurajica Bojan (CRO)"]
[Black "Zinser Sylvain (FRA)"]
[Result "1-0"]
[WhiteElo "2524"]
[BlackElo "2295"]

1.e4 e5 2.Nf3 Nc6 3.Bb5 a6 4.Ba4 Nf6 5.O-O Be7 6.Re1 b5 7.Bb3 d6 8.c3 O-O 9.h3
Nb8 10.d3 Nbd7 11.Nbd2 Bb7 12.Nf1 Nc5 13.Bc2 Re8 14.Ng3 Bf8 15.Nh2 g6 16.f4
Bg7 17.f5 d5 18.Qf3 Qd6 19.Bg5 Ncd7 20.Rf1 c5 21.exd5 Bxd5 22.Ne4 Qc6 23.Rae1
gxf5 24.Qxf5 Nxe4 25.dxe4 Be6 26.Qf3 Bc4 27.Bb3 Bxb3 28.axb3 Qg6 29.Ng4 Rf8
30.Bh4 Rae8 31.Rd1 Nb6 32.Ne3 Re6 33.Nf5 Bf6 34.Bxf6 Qxf6 35.Qe3 c4 36.b4 Kh8
37.Rd2 Nc8 38.Qc5 Rg8 39.Nd6 Rxd6 40.Rxf6 Rxd2 {#r} 1-0

[Event "Ch Bulgaria"]
[Site "masterchessopen.com – Plovdiv (Bulgaria)"]
[Date "1969.02.14"]
[Round "11"]
[White "Daskalov Georgi (BUL)"]
[Black "Ajanski Jordan S (BUL)"]
[Result "0-1"]
[WhiteElo "2355"]
[BlackElo "2350"]

1.e4 e5 2.Nf3 Nc6 3.Bb5 a6 4.Ba4 Nf6 5.O-O Be7 6.Re1 b5 7.Bb3 d6 8.c3 O-O 9.h3
Nb8 10.d3 Bb7 11.Nbd2 Nbd7 12.Nf1 Nc5 13.Bc2 Re8 14.N3h2 d5 15.Qf3 d4 16.Ng3
g6 17.Ng4 Nxg4 18.hxg4 a5 19.Ne2 dxc3 20.bxc3 Ne6 21.Rb1 c6 22.d4 Bd6 23.g3
Qc7 24.Kg2 Rac8 25.Rh1 Qe7 26.Qe3 f6 27.a4 b4 28.Bb3 Qg7 29.cxb4 axb4 30.Bb2
Kh8 31.dxe5 fxe5 32.Rbc1 c5 33.Bxe6 Rxe6 34.Nf4 Ree8 35.Nd3 Rc7 36.Nxc5 Bxc5
37.Rxc5 Bxe4+ 38.f3 Bxf3+ 39.Kxf3 Qf8+ 40.Kg2 Qxc5 {#R} 0-1

[Event "Ch Great Britain"]
[Site "masterchessopen.com – Coventry (England)"]
[Round "5"]
[White "Penrose Jonathan (ENG)"]
[Black "Clarke Peter H (ENG)"]
[Result "1-0"]
[WhiteElo "2405"]
[BlackElo "2300"]

1.e4 e5 2.Nf3 Nc6 3.Bb5 a6 4.Ba4 Nf6 5.O-O Be7 6.Re1 b5 7.Bb3 d6 8.c3 O-O 9.h3
Nb8 10.d3 Nbd7 11.Nbd2 Bb7 12.Nf1 Nc5 13.Bc2 Re8 14.N3h2 Ne6 15.Ng3 g6 16.d4
c6 17.Be3 Bf8 18.Qd2 Bg7 19.Rad1 Qc7 20.f3 Rad8 21.Qf2 Rd7 22.Ne2 Rde7 23.Qh4
a5 24.a4 b4 25.Qf2 c5 26.d5 Nf8 27.c4 N6d7 28.Ng4 f6 29.Nh6+ Bxh6 30.Bxh6 Nb6
31.b3 Bc8 32.Ng3 Rf7 33.Nf1 Bd7 34.Ne3 Nc8 35.f4 exf4 36.Bxf4 g5 37.Bg3 Ng6
38.Rf1 Ref8 39.Qe2 Ne5 40.Qh5 Rg7 {#r} 1-0

[Event "It"]
[Site "masterchessopen.com – Malaga (Spain)"]
[Round "14"]
[White "Browne Walter S (USA)"]
[Black "Durao Joaquim (POR)"]
[Result "1-0"]
[WhiteElo "2449"]
[BlackElo "1914"]

1.e4 e5 2.Nf3 Nc6 3.Bb5 a6 4.Ba4 Nf6 5.O-O Be7 6.Re1 b5 7.Bb3 d6 8.c3 O-O 9.h3
Nb8 10.d3 Nbd7 11.Nbd2 Bb7 12.Nf1 Re8 13.Ng3 Bf8 14.Nh2 Nc5 15.Bc2 a5 16.f4
Ne6 17.f5 Nc5 18.Ng4 Nxg4 19.Qxg4 d5 20.Nh5 dxe4 21.Bg5 Qd6 22.Nf6+ Kh8
23.Nxe8 Rxe8 24.dxe4 f6 25.Rad1 Qc6 26.Bc1 b4 27.Re3 Na6 28.Kh1 a4 29.Rg3 bxc3
30.Bh6 g5 31.fxg6 Bxh6 32.Qh5 Kg7 33.gxh7+ Bg5 34.h4 Rh8 35.hxg5 f5 36.exf5
{#r} 1-0

[Event "Tournament Armed Forces"]
[Site "masterchessopen.com – Moscow (Russia)"]
[Round "9"]
[White "Zhukhovitsky Samuel (RUS)"]
[Black "Liberzon Vladimir M (ISR)"]
[Result "0-1"]
[WhiteElo "2346"]
[BlackElo "2410"]

1.e4 e5 2.Nf3 Nc6 3.Bb5 a6 4.Ba4 Nf6 5.O-O Be7 6.Re1 b5 7.Bb3 d6 8.c3 O-O 9.h3
Nb8 10.d3 Nbd7 11.Nbd2 Bb7 12.Nf1 Nc5 13.Bc2 Re8 14.Ng3 Bf8 15.Nh2 g6 16.f4
exf4 17.Bxf4 Ne6 18.Bd2 c5 19.Qf3 Bg7 20.Rf1 Rf8 21.Rae1 Qc7 22.Ng4 Nxg4
23.Qxg4 h5 24.Nxh5 gxh5 25.Qxh5 Be5 26.Bh6 Ng7 27.Bxg7 Bxg7 28.d4 Rfe8 29.e5
dxe5 30.Qh7+ Kf8 31.Bg6 Bd5 32.dxc5 e4 33.Bxe4 Qxc5+ 34.Kh1 Rxe4 35.Rxe4 Bxe4
36.Qxe4 Re8 37.Qf3 Qc4 38.a3 Kg8 39.Kg1 Qc5+ 40.Kh1 Qc4 41.Kg1 Be5 42.Qf5 Qe6
43.g4 Kg7 44.Qxe6 Rxe6 45.a4 bxa4 46.Ra1 Rb6 47.Rxa4 Rxb2 48.Rxa6 Bxc3 49.Rd6
Rd2 50.Ra6 Re2 51.Ra3 Bd4+ 52.Kf1 Re3 53.Ra4 Be5 54.h4 Rf3+ 55.Kg2 Rg3+ 56.Kf1
Rh3 57.Re4 Kf6 58.Kg2 Rh2+ 59.Kf3 Ke6 60.h5 f6 61.Ra4 Rh3+ 62.Kf2 Rd3 63.Ra8
Bf4 64.Re8+ Kf7 65.Re4 Bg5 66.Ke2 Rg3 67.Ra4 Kg7 {#R} 0-1

[Event "It"]
[Site "masterchessopen.com – Sarajevo (Bosnia & Herzegovina)"]
[Round "1"]
[White "Browne Walter S (USA)"]
[Black "Kovacs Miklos (HUN)"]
[Result "1-0"]
[WhiteElo "2449"]
[BlackElo "1537"]

1.e4 e5 2.Nf3 Nc6 3.Bb5 a6 4.Ba4 Nf6 5.O-O Be7 6.Re1 b5 7.Bb3 O-O 8.c3 d6 9.h3
Nb8 10.d3 Nbd7 11.Nbd2 c6 12.Nf1 Qc7 13.Ng3 Nc5 14.Bc2 Re8 15.d4 Ne6 16.Nf5
Bf8 17.Ng5 Nxg5 18.Bxg5 Bxf5 19.exf5 Be7 20.dxe5 dxe5 21.Qe2 Nd5 22.Bd2 Bc5
23.a4 Rad8 24.b4 Ba7 25.axb5 axb5 26.Ra6 e4 27.Bxe4 Bb8 28.g3 Nf6 29.Rxc6 Qd7
30.Rxf6 gxf6 31.Qg4+ Kh8 32.Bh6 Rg8 33.Qh4 Be5 34.Re3 Qc7 35.Bf3 Rd6 36.Kg2
Ra6 37.Re4 Qxc3 38.Be3 Ra1 39.Qxh7+ Kxh7 40.Rh4+ Kg7 41.Bh6+ Kh7 42.Bf8# 1-0

[Event "It"]
[Site "masterchessopen.com – Sarajevo (Bosnia & Herzegovina)"]
[Round "14"]
[White "Liberzon Vladimir M (ISR)"]
[Black "Kovacs Miklos (HUN)"]
[Result "1-0"]
[WhiteElo "2410"]
[BlackElo "1537"]

1.e4 e5 2.Nf3 Nc6 3.Bb5 a6 4.Ba4 Nf6 5.O-O Be7 6.Re1 b5 7.Bb3 d6 8.c3 O-O 9.h3
Nb8 10.d3 c5 11.Nbd2 Qc7 12.Nf1 c4 13.dxc4 bxc4 14.Bc2 Bb7 15.Bg5 Rd8 16.Ne3
Nbd7 17.Nd2 Nb6 18.Nf5 h6 19.Be3 Nc8 20.Qf3 Kh8 21.Nxe7 Qxe7 22.Nxc4 Rb8
23.Na5 Ba8 24.b4 Nb6 25.c4 Rdc8 26.Bd3 Na4 27.Bd2 Nb2 28.Bf1 Na4 29.Qa3 Nb6
30.f3 Nh5 31.Qd3 Nd7 32.Red1 Nf8 33.Be3 Rd8 34.Rab1 Ne6 35.Qd2 Nhf4 36.g3 Ng5
37.Bg2 Ngxh3+ 38.Bxh3 Nxh3+ 39.Kg2 Ng5 40.Bxg5 hxg5 41.Rh1+ Kg8 42.g4 g6
43.Rh6 Kg7 44.Rbh1 Rh8 45.Rxh8 Rxh8 46.Rxh8 Kxh8 47.b5 f5 48.Nc6 Bxc6 49.bxc6
fxg4 50.fxg4 Kg7 51.Qb4 Qe6 52.Kf3 Qf7+ 53.Ke2 Kh6 54.Qb3 Qf4 55.Qf3 Qc1
56.Qd3 Qf4 57.Qxd6 Qxe4+ 58.Kd2 Qxc4 59.c7 Qxa2+ 60.Ke3 Qg8 61.Qd7 Qb3+ 62.Ke4
Qc4+ 63.Kxe5 Qf4+ 64.Kd5 Qf3+ 65.Kd6 Qf4+ 66.Ke7 Qe5+ 67.Kf8 Qh8+ 68.Kf7 Qg7+
69.Ke6 Qg8+ 70.Ke5 Qh8+ 71.Ke4 {#r} 1-0

[Event "It"]
[Site "masterchessopen.com – Sarajevo (Bosnia & Herzegovina)"]
[Round "12"]
[White "Planinec Albin (SLO)"]
[Black "Kovacs Miklos (HUN)"]
[Result "1-0"]
[WhiteElo "2415"]
[BlackElo "1537"]

1.e4 e5 2.Nf3 Nc6 3.Bb5 a6 4.Ba4 Nf6 5.O-O Be7 6.Re1 b5 7.Bb3 d6 8.c3 O-O 9.h3
Nb8 10.d3 Nbd7 11.Nbd2 c6 12.Nf1 Qc7 13.d4 h6 14.Nh4 Re8 15.Qf3 d5 16.Nf5 Nb6
17.dxe5 dxe4 18.Qg3 Nh5 19.Qg6 Bg5 20.Nd6 Rxe5 21.Nxf7 Rd5 {#r} 1-0

[Event "Olympiad"]
[Site "masterchessopen.com – Siegen (Germany)"]
[Round "2"]
[White "Ciocaltea Viktor (ROM)"]
[Black "Moles John (IRL)"]
[Result "1-0"]
[WhiteElo "2420"]
[BlackElo "2270"]

1.e4 e5 2.Nf3 Nc6 3.Bb5 a6 4.Ba4 Nf6 5.O-O Be7 6.Re1 b5 7.Bb3 d6 8.c3 O-O 9.h3
Nb8 10.d3 c5 11.Nbd2 Qc7 12.Nf1 c4 13.dxc4 bxc4 14.Bc2 Nbd7 15.Ng3 g6 16.Bh6
Re8 17.Qd2 Nc5 18.b4 cxb3 19.axb3 Be6 20.c4 Reb8 21.Ra3 Ne8 22.Rea1 Qb7 23.Be3
f6 24.Nh2 Nd7 25.Ng4 Bxg4 26.hxg4 Nc7 27.Ne2 d5 28.exd5 Bxa3 29.Rxa3 Rc8
30.Nc3 Ne8 31.Na4 Rab8 32.c5 Nf8 33.Bd3 Kh8 34.Nb6 {#r} 1-0

[Event "Olympiad"]
[Site "masterchessopen.com – Siegen (Germany)"]
[Round "14"]
[White "Garcia Martinez Silvino (CUB)"]
[Black "Holaszek Hans"]
[Result "1-0"]
[WhiteElo "2319"]
[BlackElo "2400"]

1.e4 e5 2.Nf3 Nc6 3.Bb5 a6 4.Ba4 Nf6 5.O-O Be7 6.Re1 b5 7.Bb3 d6 8.c3 O-O 9.h3
Nb8 10.d3 Nbd7 11.Nbd2 Bb7 12.Nf1 Re8 13.Ng5 d5 14.exd5 Bxd5 15.Ne3 Bxb3
16.Qxb3 Rf8 17.Nf5 Nc5 18.Qc2 Bd6 19.Be3 Nd5 20.d4 e4 21.dxc5 Nxe3 22.Nxe3
{#r} 1-0

[Event "It"]
[Site "masterchessopen.com – Tallinn (Estonia)"]
[Round "1"]
[White "Tal Mikhail N (LAT)"]
[Black "Smejkal Jan (CZE)"]
[Result "1-0"]
[WhiteElo "2620"]
[BlackElo "2515"]

1.e4 e5 2.Nf3 Nc6 3.Bb5 a6 4.Ba4 Nf6 5.O-O Be7 6.Re1 b5 7.Bb3 O-O 8.c3 d6 9.h3
Nb8 10.d3 Nbd7 11.Nbd2 Bb7 12.Nf1 Nc5 13.Bc2 Re8 14.Ng3 Bf8 15.b4 Ncd7 16.Bb3
a5 17.a3 axb4 18.cxb4 h6 19.d4 c5 20.bxc5 dxc5 21.dxe5 Nxe5 22.Nxe5 Rxe5
23.Bb2 Re8 24.Qf3 c4 25.Bc2 Nd7 26.Rad1 Qc7 27.Nf5 Ne5 28.Qg3 g6 29.Nd4 Qb6
30.Kh1 Bg7 31.f4 Nd3 32.Bxd3 Bxd4 33.Bxd4 Qxd4 34.Bb1 Qb2 35.Re3 Rad8 36.Rf1
Rd2 37.f5 Qe5 38.fxg6 f6 39.Qe1 Red8 40.Ref3 Qg5 41.Rg1 Bc8 42.e5 fxe5 43.Be4
Be6 44.Qb1 Re2 45.Bc6 Qh4 46.Qxb5 Rxg2 47.Rxg2 Bxh3 48.Kg1 Bxg2 49.Bd5+ Kh8
50.Qb7 Qd4+ 51.Kxg2 Qg4+ 52.Kf1 Qxg6 53.Qe7 Re8 54.Rf8+ {#r} 1-0

[Event "Ch Poland"]
[Site "masterchessopen.com – Poznan (Poland)"]
[Date "1971.02.22"]
[Round "8"]
[White "Kostro Jerzy (POL)"]
[Black "Autowicz Zenon (POL)"]
[Result "1-0"]
[WhiteElo "2385"]
[BlackElo "2200"]

1.e4 e5 2.Nf3 Nc6 3.Bb5 a6 4.Ba4 Nf6 5.O-O Be7 6.Re1 b5 7.Bb3 d6 8.c3 O-O 9.h3
Nb8 10.d3 c5 11.Nbd2 Bb7 12.Nf1 c4 13.dxc4 Nxe4 14.cxb5 Nc5 15.Bd5 Bxd5
16.Qxd5 Nbd7 17.bxa6 Rxa6 18.Be3 Ne6 19.Red1 Qa8 20.Qxa8 Rfxa8 21.a3 f5 22.Bc1
Ndc5 23.Ne3 g6 24.Nd5 Kf7 25.Rb1 Nb3 26.Nd2 Nxc1 27.Rbxc1 Bg5 28.Rc2 Bxd2
29.Rcxd2 Rb8 30.Nb4 Rxb4 31.axb4 Ke7 32.Rd5 Rb6 33.Ra5 Nf8 34.Kf1 Ke6 35.Rda1
Nd7 36.Ra6 Rb7 37.Rd1 Nb6 38.b3 Nc8 39.Ke2 g5 40.g4 f4 41.Kf3 h6 42.Ke4 Rb8
43.h4 gxh4 44.Rh1 h5 45.Rxh4 hxg4 46.Rxg4 Ne7 47.Rh4 Nc8 48.Rh6+ Kd7 49.Rh8
Kc7 50.Rh7+ Kd8 {#r} 1-0

[Event "?"]
[Site "masterchessopen.com – DDR"]
[Round "0"]
[White "Fuchs Reinhard (GER)"]
[Black "Hennings Artur (GER)"]
[Result "0-1"]
[WhiteElo "2389"]
[BlackElo "2475"]

1.e4 e5 2.Nf3 Nc6 3.Bb5 a6 4.Ba4 Nf6 5.O-O Be7 6.Re1 b5 7.Bb3 d6 8.c3 O-O 9.h3
Nb8 10.d3 Nbd7 11.Nbd2 Bb7 12.Nf1 Nc5 13.Bc2 Re8 14.Ng3 Bf8 15.Nh2 d5 16.Qf3
g6 17.Bg5 Be7 18.Bh6 a5 19.Rad1 b4 20.Ng4 Nxg4 21.hxg4 d4 22.Ne2 dxc3 23.bxc3
Bg5 24.Qh3 Qf6 25.f3 bxc3 26.Bxg5 Qxg5 27.Nxc3 Rad8 28.Kf2 Kg7 29.Rh1 Rh8
30.Qh4 Qxh4+ 31.Rxh4 Ba6 32.Ke3 Ne6 33.g3 Rb8 34.Rd2 Rb2 35.Rhh2 Rd8 36.f4
Rxc2 37.Rxc2 Rxd3+ 38.Kf2 Nd4 39.Rc1 Rd2+ {#R} 0-1

[Event "It"]
[Site "masterchessopen.com – San Antonio (USA)"]
[Round "0"]
[White "Karpov Anatoly (RUS)"]
[Black "Gligoric Svetozar (SRB)"]
[Result "1-0"]
[WhiteElo "2630"]
[BlackElo "2575"]

1.e4 e5 2.Nf3 Nc6 3.Bb5 a6 4.Ba4 Nf6 5.O-O Be7 6.Re1 b5 7.Bb3 d6 8.c3 O-O 9.h3
Nb8 10.d3 Nbd7 11.Nbd2 Bb7 12.Nf1 Nc5 13.Bc2 Re8 14.Ng3 Bf8 15.b4 Ncd7 16.d4
h6 17.Bd2 Nb6 18.Bd3 { ! } 18...Rc8 19.Qc2 Qd7 { ?! } 20.Rad1 Qc6 21.Be3 Na4
22.Rc1 Nb6 23.Qb1 Qd7 24.Nd2 c5 25.bxc5 dxc5 26.d5 Na4 27.c4 b4 28.Rf1 Qc7
29.f4 { ! } 29...Nd7 30.Qc2 Nc3 31.f5 Nf6 32.Ne2 Nxe2+ 33.Bxe2 Bd6 34.g4 Kf8 {
! } 35.h4 Ke7 36.g5 hxg5 37.hxg5 Nd7 38.Bg4 Rg8 39.Kf2 Rh8 40.Rh1 Rcg8 41.Qd1
( 41.a3 a5 42.Qa4 Nb6 43.Qb5 Rxh1 44.Rxh1 Ra8 45.f6+ { ! } ) 41...Kd8 42.Qg1 {
! } 42...Nb6 43.Rh2 Qe7 { ? } ( 43...a5 ) 44.Nb3 Kc7 45.Kf3 Nd7 46.a3 { ! }
46...bxa3 47.Ra2 { ! } 47...Rh4 48.Rxa3 Rgh8 49.Rb1 Rb8 50.Qe1 { ! } 50...Rxg4
( 50...Rhh8 51.Qa5+ Kc8 52.f6 { ! } 52...gxf6 53.Nxc5 ) 51.Kxg4 Bc8 52.Qa5+
{#r} 1-0

[Event "Olympiad"]
[Site "masterchessopen.com – Skopje (Macedonia)"]
[Round "12"]
[White "Ciocaltea Viktor (ROM)"]
[Black "Ree Hans (NED)"]
[Result "0-1"]
[WhiteElo "2470"]
[BlackElo "2480"]

1.e4 e5 2.Nf3 Nc6 3.Bb5 a6 4.Ba4 Nf6 5.O-O Be7 6.Re1 b5 7.Bb3 d6 8.c3 O-O 9.h3
Nb8 10.d3 c5 11.Nbd2 Nc6 12.Nf1 h6 13.Ng3 Re8 14.a4 Bd7 15.Nf5 Bf8 16.g4 Na5
17.Bc2 b4 18.cxb4 cxb4 19.d4 Qc7 20.g5 hxg5 21.Bxg5 Nh7 22.Rc1 Qb7 23.d5 g6
24.Kh2 Rac8 25.Rg1 b3 26.Bb1 Bxa4 27.Rxc8 Rxc8 28.Bh6 Bxh6 29.Nxh6+ Kh8 30.Nh4
Be8 31.Qf3 Nc4 32.N6f5 Qb6 33.Qe2 Qd8 34.Bd3 Nb6 35.Qe3 Na4 36.Bxa6 Rc2 37.Bb5
Bxb5 38.Rxg6 fxg6 39.Nxg6+ Kg8 40.Nge7+ Kf7 41.Qh6 Rxf2+ 42.Kh1 Rxf5 43.Qxh7+
Kf8 44.Nxf5 Qf6 45.Qc7 Nc5 46.Qb8+ Be8 47.Nxd6 Qf1+ 48.Kh2 Qe2+ 49.Kh1 Qd1+
50.Kg2 Qh5 51.Kf2 Nxe4+ 52.Nxe4 Qf5+ 53.Kg1 Qxe4 54.Qd6+ Kg8 {#R} 0-1

[Event "Ch Canada"]
[Site "masterchessopen.com – Toronto (Canada)"]
[Round "0"]
[White "MacPhail John (CAN)"]
[Black "Coudari Camille (CAN)"]
[Result "0-1"]
[WhiteElo "2299"]
[BlackElo "2295"]

1.e4 e5 2.Nf3 Nc6 3.Bb5 a6 4.Ba4 Nf6 5.O-O Be7 6.Re1 b5 7.Bb3 O-O 8.c3 d6 9.h3
Nb8 10.d3 Nbd7 11.Nbd2 Bb7 12.Nf1 Nc5 13.Bc2 Re8 14.Ng3 Bf8 15.b4 Ncd7 16.d4
g6 17.dxe5 dxe5 18.a4 c5 19.bxc5 Bxc5 20.Bg5 Qb6 21.Qe2 Kg7 22.Qd2 b4 23.Bh6+
Kg8 24.a5 bxc3 25.Qe2 Qc7 26.Bb3 Bf8 27.Bxf7+ Kxf7 28.Qa2+ Ke7 29.Ng5 Bxh6
30.Qe6+ Kd8 31.Nf7+ Kc8 32.Nd6+ Kb8 33.Nxe8 Nxe8 34.Qxe8+ Ka7 35.Qe7 Bd2
36.Rf1 Rc8 37.Qb4 Qc5 38.Qa4 Qb5 39.Qa2 c2 40.Qa3 Rc3 41.Qd6 c1=Q 42.Raxc1
Bxc1 43.Rd1 Nb8 {#R} 0-1

[Event "?"]
[Site "masterchessopen.com – Karlovy Vary (Czech Republic)"]
[Round "0"]
[White "Jansa Vlastimil (CZE)"]
[Black "Hennings Artur (GER)"]
[Result "1-0"]
[WhiteElo "2475"]
[BlackElo "2435"]

1.e4 e5 2.Nf3 Nc6 3.Bb5 a6 4.Ba4 Nf6 5.O-O Be7 6.Re1 b5 7.Bb3 d6 8.c3 O-O 9.h3
Nb8 10.d3 Nbd7 11.Nbd2 Bb7 12.Nf1 Nc5 13.Bc2 Re8 14.Ng3 Bf8 15.b4 Ncd7 16.d4
Nb6 17.Bd3 g6 18.Bd2 Bg7 19.Qc2 Rc8 20.Rad1 c6 21.dxe5 dxe5 22.c4 bxc4 23.Bxc4
Nxc4 24.Qxc4 Qc7 25.Rc1 Nd7 26.Be3 Nf8 27.Nd2 Ne6 28.Nb3 Bf8 29.Ne2 Red8
30.Nc3 Qd6 31.Nc5 Nxc5 32.Bxc5 Qc7 33.Na4 Bxc5 34.Nxc5 Rd4 35.Qc3 Rcd8 36.Nb3
Rd3 37.Qc5 h5 38.Re3 Rd1+ 39.Kh2 Rxc1 40.Qxc1 Qe7 41.Nc5 Rd4 42.Rd3 Bc8
43.Rxd4 exd4 44.Qf4 Be6 45.a3 Bc4 46.e5 Qd8 47.Ne4 Kh7 48.Nd6 Bd5 49.Nxf7 Qf8
50.Ng5+ Kg7 51.Qxd4 Qf5 52.h4 Kg8 53.e6 Qf8 54.Kg1 a5 55.Qa7 Qf4 56.Qh7+ Kf8
57.Qh8+ Ke7 58.Qg7+ {#r} 1-0

[Event "It (open)"]
[Site "masterchessopen.com – Mar del Plata (Argentina)"]
[Round "2"]
[White "Carames Luis (ARG)"]
[Black "Aranda Horacio (ARG)"]
[Result "1-0"]
[WhiteElo "2040"]
[BlackElo "1777"]

1.e4 e5 2.Nf3 Nc6 3.Bb5 a6 4.Ba4 Nf6 5.O-O b5 6.Bb3 Be7 7.Re1 d6 8.c3 O-O 9.h3
Nb8 10.d3 Nbd7 11.Be3 Bb7 12.Nbd2 c5 13.Bg5 h6 14.Bh4 Re8 15.g4 Nh7 16.Bg3
Ndf8 17.Nf1 Ng5 18.h4 Nge6 19.Ne3 Ng6 20.Nf5 Bf6 21.Qd2 Ngf4 22.Kh2 Qc7 23.d4
c4 24.Bc2 Ng6 25.d5 Nc5 26.g5 hxg5 27.hxg5 Bd8 28.Kg2 f6 29.Rh1 Kf7 30.Rh7 Rg8
31.Nh6+ Kf8 32.Nxg8 Kxg8 33.Rah1 fxg5 34.Nxg5 Qe7 35.R1h5 Bc8 36.Qe2 Nd3
37.Rh8+ {#r} 1-0

[Event "Match-Tournament (3 teams URS)"]
[Site "masterchessopen.com – Moscow (Russia)"]
[Round "3"]
[White "Karpov Anatoly (RUS)"]
[Black "Spassky Boris V (FRA)"]
[Result "1-0"]
[WhiteElo "2660"]
[BlackElo "2655"]

1.e4 e5 2.Nf3 Nc6 3.Bb5 a6 4.Ba4 Nf6 5.O-O Be7 6.Re1 b5 7.Bb3 d6 8.c3 O-O 9.h3
Nb8 10.d3 Bb7 11.Nbd2 Nbd7 12.Nf1 Nc5 13.Bc2 Re8 14.Ng3 Bf8 15.b4 Ncd7 16.d4
h6 17.Bd2 Nb6 18.Bd3 g6 19.Qc2 Nfd7 20.Rad1 Bg7 21.dxe5 dxe5 22.c4 bxc4
23.Bxc4 Qe7 24.Bb3 c5 25.a4 c4 26.Ba2 Bc6 27.a5 Ba4 28.Qc1 Nc8 29.Bxh6 Bxd1
30.Rxd1 Nd6 31.Bxg7 Kxg7 32.Qg5 { !! } ( 32.Qd2 { ? } 32...Rad8 33.Qxd6 { ? }
33...Nf8 { ??+ } ) 32...f6 ( 32...Rac8 33.Rxd6 Qxg5 34.Nxg5 Nf6 35.Ne2 c3
36.Bxf7 { +?? } ) 33.Qg4 Kh7 34.Nh4 {#r} 1-0

[Event "Match-Tournament (3 teams URS)"]
[Site "masterchessopen.com – Moscow (Russia)"]
[Round "5"]
[White "Lein Anatoly (USA)"]
[Black "Averbakh Yuri L (RUS)"]
[Result "1-0"]
[WhiteElo "2261"]
[BlackElo "2445"]

1.e4 e5 2.Nf3 Nc6 3.Bb5 a6 4.Ba4 Nf6 5.O-O Be7 6.Re1 b5 7.Bb3 d6 8.c3 O-O 9.h3
Nb8 10.d3 c5 11.Nbd2 Nc6 12.Nf1 Be6 13.Ng3 Qd7 14.Bxe6 fxe6 15.d4 cxd4 16.cxd4
Nxd4 17.Nxd4 exd4 18.Qxd4 Rac8 19.Be3 Rc4 20.Qd3 Rfc8 21.Rad1 d5 22.exd5 Nxd5
23.Ne4 Qc6 24.Ng5 Bxg5 25.Bxg5 Qe8 26.Qe2 Nc7 27.b3 Rc6 28.Qe4 a5 29.Rd3 b4
30.Rg3 Rc3 31.Ree3 Qc6 32.Qg4 Rxe3 33.Rxe3 Qd7 34.Re5 Ra8 35.Bh6 Kh8 36.Be3
Rf8 37.Bd4 Rd8 38.Bb6 Qd1+ 39.Kh2 {#r} 1-0

[Event "Cup URS"]
[Site "masterchessopen.com – Tbilisi (Georgia)"]
[Round "0"]
[White "Kudriashov Anatoli (TKM)"]
[Black "Zakharov Alexander (RUS)"]
[Result "1-0"]
[WhiteElo "2318"]
[BlackElo "2380"]

1.e4 e5 2.Nf3 Nc6 3.Bb5 a6 4.Ba4 Nf6 5.O-O Be7 6.Re1 b5 7.Bb3 d6 8.c3 O-O 9.h3
Nb8 10.d3 Nbd7 11.Nbd2 a5 12.Nf1 a4 13.Bc2 c5 14.N3h2 Nb6 15.f4 exf4 16.Bxf4
Ne8 17.Nf3 a3 18.b3 d5 19.d4 Nf6 20.e5 Ne4 21.Ng3 cxd4 22.cxd4 g5 23.Qd3 f5
24.exf6 Bxf6 25.Be5 Bb7 26.Rac1 Nd7 27.Qxb5 Nxe5 28.dxe5 Ba6 29.Qc6 Nxg3
30.exf6 Rxf6 31.Qc3 Ne2+ 32.Rxe2 Bxe2 33.Nxg5 h6 34.Nh7 Rf7 35.Qg3+ Rg7 36.Qe5
Bf3 37.Nf6+ Kf7 38.Bf5 Qb6+ 39.Kh1 Bxg2+ 40.Kh2 Kf8 41.Nd7+ Rxd7 42.Bxd7 Qf2
43.Rc2 Qxc2 44.Qf6+ Kg8 45.Be6+ Kh7 46.Bf5+ {#r} 1-0

[Event "It"]
[Site "masterchessopen.com – Stary Smokovec (Slovakia)"]
[Round "8"]
[White "Privara Igor (SVK)"]
[Black "Kovacs Laszlo (HUN)"]
[Result "1-0"]
[WhiteElo "2264"]
[BlackElo "2017"]

1.e4 e5 2.Nf3 Nc6 3.Bb5 a6 4.Ba4 Nf6 5.O-O Be7 6.Re1 b5 7.Bb3 O-O 8.c3 d6 9.h3
Nb8 10.d3 Nbd7 11.Nbd2 Nc5 12.Bc2 Ne6 13.Nf1 c5 14.d4 cxd4 15.cxd4 Qc7 16.Ng3
exd4 17.Nf5 Re8 18.N3xd4 Nxd4 19.Nxd4 Bb7 20.Bf4 Bf8 21.f3 Nh5 22.Be3 g6
23.Bb3 Bg7 24.Qd2 Qe7 25.Ne2 d5 26.Bxd5 Bxd5 27.Qxd5 Bxb2 28.Rad1 Red8 29.Qb3
Bf6 30.Nc3 Be5 31.Nd5 Qh4 32.f4 Bxf4 33.Bxf4 Nxf4 34.g3 Nxh3+ 35.Kg2 Qg5
36.Kxh3 Rac8 37.Rf1 Rd6 38.Qf3 f5 39.e5 Rc2 40.Nf6+ Rxf6 41.Qb3+ Rc4 42.exf6
Qxf6 43.Rf4 {#r} 1-0